Coronación furtiva

Saved in:
Bibliographic Details
Main Author: Escobar Galindo, david
Format: Book
Language:Undetermined
Published: Madrid, España Cultura Hispánica 1975
Subjects:
Tags: Add Tag
No Tags, Be the first to tag this record!

MARC

LEADER 00000nam a2200000Ia 4500
008 170316s9999 xx 000 0 und d
040 |a cru BVZT 
090 |a 862 E-6c 
100 |a Escobar Galindo, david 
245 |a Coronación furtiva 
260 |a Madrid, España 
260 |b Cultura Hispánica 
260 |c 1975 
300 |a 61 páginas 
650 |a LITERATURA ESPAÑOLA 
999 |c 9831  |d 9831 
942 |c 15 D  |h 862 E-6c  |2 z